| 000 | 01155nam a2200229Ia 4500 | ||
|---|---|---|---|
| 003 | Ost | ||
| 005 | 20260507075032.0 | ||
| 008 | 260507s9999||||xx |||||||||||||| ||und|| | ||
| 020 | _a9377208977 | ||
| 040 | _cfsecg | ||
| 041 | _aara | ||
| 082 | _a330 | ||
| 100 |
_aعبد الرحيم، إكرام _eمؤلف |
||
| 245 | 0 |
_aالتحديات المستقبلية للتكتل الإقتصادي العربي : _bالعولمة والتكلات الإقليمية / _c إكرام عبد الرحيم |
|
| 260 |
_aالإسكندرية: _bمكتبة مدبولي, _c2002 |
||
| 300 |
_a270 صفحة؛ _bإيضاحات ؛ _c24 سم |
||
| 520 | _aالمتغيرات الدولية والإقليمية- التكتل الإقتصادي الإقليمي مفهومه وأهميته وأشكاله- تكتلات الإقتصادي العربي وتحديات العولمة الإقتصادية- تكتلات الإقتصاد العربي وتحديات المشروعات الإقليمية البديلة | ||
| 653 | _aالإقتصاد | ||
| 653 | _aالتكتلات الإقتصادية - الدولية | ||
| 653 | _aالعولمة | ||
| 942 | _cكتاب | ||
| 999 |
_c42420 _d42420 |
||